Programa L y C: leer y comprender

Guardado en:
Detalles Bibliográficos
Autores principales: Peronard Thierry, Marianne (autora), Núñez Lagos, Paulina (Autor), González Muñoz, Juan Manuel (Autor)
Otros Autores: Gómez Macker, Luis Adolfo (autor), Parodi Sweis, Giovanni Emmanuel (autor)
Formato: Libro
Lenguaje:español
Publicado: Santiago Andrés Bello 1995
Colección:Libro 1
Materias:
Etiquetas: Agregar Etiqueta
Sin Etiquetas, Sea el primero en etiquetar este registro!

MARC

LEADER 00000nam a2200000 a 4500
001 UCM3403
003 CL-VaPUC
008 020705e19951000CL |||||||||||||||||spa|d
020 |a 9561313448 
082 0 4 |a 372.41  |b PER  |2 21 
100 |a Peronard Thierry, Marianne  |e autora  |9 781268 
700 |a Gómez Macker, Luis Adolfo  |e autor  |9 492261 
700 |a Parodi Sweis, Giovanni Emmanuel  |e autor  |9 783477 
700 0 |a Núñez Lagos, Paulina  |e author  |9 470185 
700 |a González Muñoz, Juan Manuel  |e author  |9 749563 
245 1 0 |a Programa L y C: leer y comprender 
300 |a 176 p 
942 |c BK 
945 |d 20020705 00:00:00  |a cmena 
260 |a Santiago  |b Andrés Bello  |c 1995 
650 0 |a Enseñanza de la lectura  |9 308364 
650 0 |a Enseñanza de la escritura  |9 307377 
650 0 |a Comprensión de lectura  |9 307588 
650 7 |a LECTURA - METODOS DE ENSEÑANZA  |2 CL-VaPUC  |9 466822 
583 |a last modification  |c 20020705 00:00:00  |k Rodrigo Vera 
490 0 |a Libro 1 
999 |c 300771  |d 300769 
952 |0 0  |1 0  |4 0  |6 372_410000000000000_PER_1995  |7 0  |8 P  |9 359025  |a BIBEDU  |b BIBEDU  |d 2019-11-21  |i 3313085  |o 372.41 PER 1995  |p 3313085  |r 2019-11-21  |w 2019-11-21  |y BK  |k LIT 
952 |0 0  |1 0  |4 0  |6 372_410000000000000_PER_1995  |7 0  |8 P  |9 359026  |a BIBEDU  |b BIBEDU  |d 2019-11-21  |i 3313077  |o 372.41 PER 1995  |p 3313077  |r 2019-11-21  |w 2019-11-21  |y BK  |k LIT 
952 |0 0  |1 0  |4 0  |6 372_410000000000000_PER_1995  |7 0  |8 P  |9 359027  |a BIBEDU  |b BIBEDU  |d 2019-11-21  |i 3244466  |o 372.41 PER 1995  |p 3244466  |r 2019-11-21  |w 2019-11-21  |y BK  |k EPE 
952 |0 0  |1 0  |4 0  |6 372_410000000000000_PER_1995  |7 0  |8 P  |9 359028  |a BIBEDU  |b BIBEDU  |d 2019-11-21  |i 3192954  |o 372.41 PER 1995  |p 3192954  |r 2019-11-21  |w 2019-11-21  |y BK  |k EPE 
952 |0 0  |1 0  |4 0  |6 372_410000000000000_PER_1995  |7 0  |8 P  |9 359029  |a BIBEDU  |b BIBEDU  |d 2019-11-21  |i 3954773  |o 372.41 PER 1995  |p 3954773  |r 2019-11-21  |w 2019-11-21  |y BK  |k EBA 
952 |0 0  |1 0  |4 0  |6 372_410000000000000_PER_1995  |7 0  |8 P  |9 359031  |a BIBEDU  |b BIBEDU  |d 2019-11-21  |i 4061616  |o 372.41 PER 1995  |p 4061616  |r 2019-11-21  |w 2019-11-21  |y BK  |k LIT